000 00337pam a2200157a 44500
008 230515b1997 xxu||||| |||| 00| 0 eng d
020 _aNULL
041 _aENGL
082 _aBIC
100 _aBICKEL J.O.
245 _aTUNNEL ENGG. HANDBOOK
250 _aN.D.
260 _aNULL
_bC.B.S
_c1997
300 _a544 PB
650 _aNULL
999 _c659133
_d659133